| 000 | 00342nam a22001337a 4500 | ||
|---|---|---|---|
| 003 | SGT | ||
| 082 |
_a616.5 _bC21S |
||
| 100 | _aPANT, SUMIT | ||
| 245 | _aComparative Study Of Tramadol And Diclofenac For Postoperative Pain Relif | ||
| 260 |
_aSGT UNIVERSITY _bSGT UNIVERSITY _c2021 |
||
| 300 | _a46 | ||
| 650 | _aMOTT THESIS | ||
| 942 |
_2ddc _cTH |
||
| 999 |
_c26385 _d26385 |
||